| 000 | 01574nam a22003977a 4500 | ||
|---|---|---|---|
| 003 | CHAP | ||
| 005 | 20220817042708.0 | ||
| 008 | 971013s1995 r 10010 d | ||
| 010 | _a52557 | ||
| 011 | _a53529 | ||
| 020 | _a9688843032 | ||
| 035 | _a57679 | ||
| 040 | _cCHAP | ||
| 082 |
_a631.44 _bR45 1994 |
||
| 111 | 0 | 0 |
_aReunión Nacional sobre Manejo de Suelos Arcillosos ( _n2 _d: 1994 _c: Mérida, Yuc.) _996580 |
| 245 | 1 |
_aManejo de suelos arcillosos para una agricultura sustentable _b: trabajos presentados |
|
| 260 |
_aChapingo, Méx. : _bUACH, _c1995 |
||
| 300 | _a350 p. | ||
| 590 |
_aBATCH-UPD _b10 _c20130110 _lUCH01 _h0656 |
||
| 590 |
_aBATCH-UPD _b10 _c20130410 _lUCH01 _h0340 |
||
| 590 |
_aBATCH-UPD _b10 _c20130913 _lUCH01 _h2218 |
||
| 590 |
_aCONVERSION _b10 _c20130109 _lUCH01 _h1328 |
||
| 650 | 1 | 4 | _aAgricultura sustentable. |
| 650 | 1 | 4 |
_aSuelos arcillosos. _9110534 |
| 650 | 1 | 4 |
_aSuelos _xCongresos. _9110281 |
| 650 | 1 | 4 |
_aSuelos _xManejo. _9110423 |
| 700 | 0 |
_aRuíz Figueroa, José Feliciano. _9100875 |
|
| 901 | _aBK | ||
| 942 | _cLIBRO | ||
| 949 |
_a631.44 R45 1994 _bBC _cCONG _d-125418 _eCONG _fc.4 _h89793 _i57679 _mD _si |
||
| 949 |
_a631.44 R45 1994 _bBC _cLIBRO _d33724000088621 _eLIBRO _h89790 _i57679 _mD _si |
||
| 949 |
_a631.44 R45 1994 _bBC _cLIBRO _d33724000088647 _eLIBRO _fc.2 _h89791 _i57679 _mD _si |
||
| 949 |
_a631.44 R45 1994 _bBC _cLIBRO _d33724000088654 _eLIBRO _fc.3 _h89792 _i57679 _si |
||
| 949 |
_a631.44 R45 1994 _bBC _cLIBRO _d33724000986055 _eLIBRO _fc.6 _h107739 _i57679 _sb |
||
| 949 |
_a631.44 R45 1994 _bBC _cUACH _d-125419 _eUACH _fc.5 _h89794 _i57679 _mD _si |
||
| 999 |
_c52557 _d52557 |
||